000 003530000a22001570004500
001 000290
003 MACL
040 _aMACL
090 _c290
_d290
100 _aTandon, R.K.
245 _aWomen in Modern India
_cR.K. Tandon
260 _aIndian Publishers and Distributors,
_c1998
350 _a490
650 _aSocial Sciences
942 _k323
_cBook
999 _c49597
_d49597